000 00298nam a22001217a 4500
008 181127b xxu||||| |||| 00| 0 eng d
041 _aeng
080 _a043.3
100 _a0
101 _aBTH-MBE
245 _aImplementimi dhe funskionaliteti i shtepive te menqura
_cMusliu, B
942 _2udc
_cBK
999 _c52585
_d52585